000
00300 a2200145 4500
001
181572
020
_a
040
_c
Magnum
100
_a
Andreola, Balduino A.
240
1
0
_a
Dinamica de grupo
_l
por
245
1
0
_a
Dinamica de grupo
362
0
_a
1899
697
_a
MAGNITO: ENSINO
942
_c
BK
999
_c
181572
_d
181572